|
|
|
|
| LEADER |
00000nam0a2200000 4500 |
| 001 |
159483 |
| 005 |
20231101222120.0 |
| 010 |
|
|
|a 9785829109981
|
| 035 |
|
|
|a (RuTPU)RU\TPU\book\172989
|
| 090 |
|
|
|a 159483
|
| 100 |
|
|
|a 20090512d2009 m y0rusy50 ca
|
| 101 |
0 |
|
|a rus
|
| 102 |
|
|
|a RU
|
| 105 |
|
|
|a a j 001zy
|
| 200 |
1 |
|
|a Начертательная геометрия. Инженерная графика
|e учебник
|f Э. К. Волошин-Челпан
|g Московская государственная академия тонкой химической технологии им. М. В. Ломоносова (МИТХТ)
|
| 210 |
|
|
|a Москва
|c Академический проект
|d 2009
|
| 215 |
|
|
|a 183 с.
|c ил.
|
| 225 |
1 |
|
|a Фундаментальный учебник
|
| 225 |
1 |
|
|a Gaudeamus
|
| 320 |
|
|
|a Библиогр.: с. 180.
|
| 330 |
|
|
|a В учебнике даны все темы в соответствии с государственным общероссийским стандартом направления 550800, Химическая технология и биотехнология ОПД. Ф. 01 дисциплины «Начертательная геометрия. Инженерная графика» и разработанной на его основе примерной программой этой дисциплины. Она одобрена головным НМС по начертательной геометрии, инженерной и компьютерной графике, протокол № 3 от 12 мая 2000 г., и утверждена руководителем Департамента образовательных программ и стандартов профессионального образования Российской Федерации. Содержание дано с учетом дополнений, внесенных в курс в химико-технологических вузах.
|
| 606 |
1 |
|
|a Начертательная геометрия
|2 stltpush
|3 (RuTPU)RU\TPU\subj\45211
|9 64468
|
| 606 |
1 |
|
|a Инженерная графика
|2 stltpush
|3 (RuTPU)RU\TPU\subj\39243
|9 59411
|
| 610 |
1 |
|
|a чертежи
|
| 610 |
1 |
|
|a оформление
|
| 610 |
1 |
|
|a изображения
|
| 610 |
1 |
|
|a линии
|
| 610 |
1 |
|
|a поверхности
|
| 610 |
1 |
|
|a тела
|
| 610 |
1 |
|
|a пересечения
|
| 610 |
1 |
|
|a детали
|
| 610 |
1 |
|
|a проецирование
|
| 610 |
1 |
|
|a эскизы
|
| 610 |
1 |
|
|a резьба
|
| 610 |
1 |
|
|a сборочные чертежи
|
| 610 |
1 |
|
|a химико-технологические процессы
|
| 610 |
1 |
|
|a схемы
|
| 610 |
1 |
|
|a учебники
|
| 675 |
|
|
|a 514.18(075.8)
|v 3
|
| 675 |
|
|
|a 76:621(075.8)
|v 3
|
| 700 |
|
1 |
|a Волошин-Челпан
|b Э. К.
|g Эдуард Константинович
|
| 712 |
0 |
2 |
|a Московская государственная академия тонкой химической технологии им. М. В. Ломоносова (МИТХТ)
|2 stltpush
|3 (RuTPU)RU\TPU\col\349
|
| 801 |
|
1 |
|a RU
|b 63413507
|c 20090512
|g PSBO
|
| 801 |
|
2 |
|a RU
|b 63413507
|c 20150506
|g RCR
|
| 900 |
|
|
|a Начертательная геометрия. Инженерная графика
|
| 942 |
|
|
|c BK
|
| 952 |
|
|
|b 240000
|a 550800
|
| 959 |
|
|
|a 58/20090508
|d 1
|e 304,50
|f ЧЗТЛ:1
|